[Event "SVK-chT2B 1718"]
[Site "Slovakia"]
[Date "2018.02.24"]
[Round "8.4"]
[White "Szilard, Ladislav"]
[Black "Banic, Marek"]
[Result "1/2-1/2"]
[WhiteElo "2124"]
[BlackElo "1951"]
[PlyCount "28"]
[EventDate "2017.10.28"]
[EventType "team-tourn"]
[EventRounds "11"]
[EventCountry "SVK"]
[SourceTitle "EXT 2019"]
[Source "ChessBase"]
[SourceDate "2018.10.10"]
[SourceVersion "1"]
[SourceVersionDate "2018.10.10"]
[SourceQuality "1"]
[WhiteTeam "Komarno II"]
[BlackTeam "Povazska Bystrica"]
[WhiteTeamCountry "SVK"]
[BlackTeamCountry "SVK"]

1. d4 d5 2. c4 dxc4 3. Nc3 a6 4. a4 Nc6 5. Nf3 Nf6 6. e3 Bg4 7. Bxc4 e6 8. 0-0 Bd6 9. Be2 Qe7 10. Nd2 Bxe2 11. Qxe2 e5 12. dxe5 Nxe5 13. f4 Nc6 14. Nf3 0-0-0 1/2-1/2

[Event "SVK-chT2B 1718"]
[Site "Slovakia"]
[Date "2017.10.29"]
[Round "2.4"]
[White "Szilard, Ladislav"]
[Black "Grilus, Marian"]
[Result "1-0"]
[WhiteElo "2133"]
[BlackElo "1938"]
[PlyCount "73"]
[EventDate "2017.10.28"]
[EventType "team-tourn"]
[EventRounds "11"]
[EventCountry "SVK"]
[SourceTitle "CBM 181 Extra"]
[Source "ChessBase"]
[SourceDate "2017.12.12"]
[SourceVersion "1"]
[SourceVersionDate "2017.12.12"]
[SourceQuality "1"]
[WhiteTeam "Komarno II"]
[BlackTeam "Nove Zamky"]
[WhiteTeamCountry "SVK"]
[BlackTeamCountry "SVK"]

1. d4 Nf6 2. c4 g6 3. Nc3 Bg7 4. e4 d6 5. f4 0-0 6. Nf3 c5 7. d5 e6 8. Be2 exd5 9. cxd5 a6 10. a4 Qb6 11. e5 dxe5 12. fxe5 Ng4 13. 0-0 Nxe5 14. Nxe5 Bxe5 15. Bc4 Bf5 16. Bh6 Re8 17. d6 Bd4+ 18. Kh1 Be6 19. Nd5 Qd8 20. Ne7+ Rxe7 21. dxe7 Qxe7 22. Bxe6 Qxe6 23. Re1 Qd7 24. Qb3 Nc6 25. Rad1 Qc7 26. Re2 Be5 27. Qe3 b6 28. a5 bxa5 29. Qxc5 Rc8 30. Rc1 Qb8 31. Rec2 Bg7 32. Bg5 Bf8 33. Qf2 Na7 34. Rxc8 Nxc8 35. Bf4 Qb7 36. Be5 Ne7 37. Qf6 1-0

[Event "SVK-chT2B 10/11"]
[Site "Slovakia"]
[Date "2011.02.06"]
[Round "7.3"]
[White "Szilard, Ladislav"]
[Black "Cervenka, Peter"]
[Result "1-0"]
[WhiteElo "2125"]
[BlackElo "1861"]
[PlyCount "64"]
[EventDate "2010.10.23"]
[EventType "team-tourn"]
[EventRounds "11"]
[EventCountry "SVK"]
[SourceTitle "EXT 2019"]
[Source "ChessBase"]
[SourceDate "2018.10.10"]
[SourceVersion "1"]
[SourceVersionDate "2018.10.10"]
[SourceQuality "1"]
[WhiteTeam "Komarno KSC"]
[BlackTeam "Surany Lokomotiva"]
[WhiteTeamCountry "SVK"]
[BlackTeamCountry "SVK"]

1. d4 d5 2. c4 c6 3. Nc3 Nf6 4. Nf3 e6 5. Bg5 Be7 6. e3 Nbd7 7. Bd3 dxc4 8. Bxc4 Nd5 9. Bxe7 Qxe7 10. 0-0 Nxc3 11. bxc3 b5 12. Be2 Nb6 13. Ne5 Bb7 14. Bf3 Rc8 15. Nd3 0-0 16. Qb3 Nc4 17. Rfd1 Nb6 18. Nc5 Ba8 19. a4 Nxa4 20. Nxa4 bxa4 21. Rxa4 Rc7 22. Rda1 Rd8 23. Qa2 Rdd7 24. h3 g6 25. Ra6 Qd8 26. Qa5 Kg7 27. c4 c5 28. Bxa8 Qxa8 29. dxc5 Qe4 30. Qc3+ Kh6 31. R6a5 Qb7 32. Rb5 Rc6 1-0

[Event "SVK-chT2B 0809"]
[Site "Slovakia"]
[Date "2008.10.11"]
[Round "1.4"]
[White "Hlinka, Miroslav"]
[Black "Szilard, Ladislav"]
[Result "0-1"]
[WhiteElo "2102"]
[BlackElo "2104"]
[PlyCount "92"]
[EventDate "2008.10.11"]
[EventType "team-tourn"]
[EventRounds "11"]
[EventCountry "SVK"]
[SourceTitle "EXT 2010"]
[Source "ChessBase"]
[SourceDate "2010.11.25"]
[SourceVersion "1"]
[SourceVersionDate "2010.11.25"]
[SourceQuality "1"]
[WhiteTeam "Belusa Hermes"]
[BlackTeam "Komarno KSC II"]
[WhiteTeamCountry "SVK"]
[BlackTeamCountry "SVK"]

1. d4 d5 2. c4 e6 3. Nc3 c5 4. e3 Nf6 5. Nf3 Nc6 6. Be2 Be7 7. 0-0 0-0 8. b3 b6 9. Bb2 Bb7 10. Rc1 Rc8 11. Ne5 dxc4 12. Bxc4 cxd4 13. Nxc6 Bxc6 14. exd4 Qd7 15. Qd3 Rfd8 16. Rfd1 Nd5 17. Nxd5 Bxd5 18. Ba6 Rxc1 19. Rxc1 Ba8 20. Qg3 Bd6 21. f4 Bd5 22. Bd3 Rc8 23. Rf1 g6 24. Qf2 Bb7 25. Qe2 Bf8 26. Bb5 Qd8 27. Bc4 Bg7 28. Rd1 Rc7 29. Qd2 a6 30. a4 Qc8 31. h3 b5 32. axb5 axb5 33. Bd3 Bd5 34. Qb4 Bf8 35. Qxb5 Rc2 36. Ba1 Rxg2+ 37. Kf1 Qc7 38. Qxd5 exd5 39. Kxg2 Qxf4 40. Bc3 Bd6 41. b4 Qg3+ 42. Kf1 Qf3+ 43. Ke1 Qe3+ 44. Kf1 Bg3 45. Rd2 Qf3+ 46. Kg1 Bf4 0-1

[Event "SVK-chT1W 0506"]
[Site "Slovakia"]
[Date "2005.??.??"]
[Round "?"]
[White "Szilard, Ladislav"]
[Black "Varga, David"]
[Result "0-1"]
[WhiteElo "2140"]
[BlackElo "2070"]
[PlyCount "76"]
[EventDate "2005.10.15"]
[EventType "team-tourn"]
[EventRounds "11"]
[EventCountry "SVK"]
[SourceTitle "EXT 2008"]
[Source "ChessBase"]
[SourceDate "2007.11.25"]
[SourceVersion "1"]
[SourceVersionDate "2007.11.25"]
[SourceQuality "1"]

1. d4 Nf6 2. c4 c5 3. d5 b5 4. cxb5 a6 5. bxa6 Bxa6 6. Nc3 d6 7. f4 Nbd7 8. Nf3 g6 9. e4 Bxf1 10. Rxf1 Nb6 11. Kf2 Bg7 12. Kg1 0-0 13. h3 Qd7 14. Qe2 Na4 15. Rd1 Qb7 16. Qc4 Nxc3 17. bxc3 Nd7 18. Bd2 Ra5 19. Rab1 Qa7 20. Rb2 Ra4 21. Qe2 Rxa2 22. Rxa2 Qxa2 23. c4 Qb3 24. Be3 Ra8 25. e5 dxe5 26. fxe5 Ra2 27. Nd2 Qc3 28. e6 fxe6 29. dxe6 Nf8 30. Bxc5 Qa5 31. Qe3 Bh6 32. Qf3 Qxc5+ 33. Kh1 Nxe6 34. Ne4 Qf5 35. Qd3 Rxg2 36. Kxg2 Nf4+ 37. Kg3 Nxd3 38. Rxd3 Qxe4 0-1

[Event "SVK-chT3B 0102"]
[Site "Slovakia"]
[Date "2001.??.??"]
[Round "2"]
[White "Szilard, Ladislav"]
[Black "Szollos, Ondrej"]
[Result "0-1"]
[WhiteElo "2210"]
[BlackElo "2110"]
[PlyCount "152"]
[EventDate "2001.10.??"]
[EventType "team"]
[EventRounds "9"]
[EventCountry "SVK"]
[SourceTitle "EXT 2006"]
[Source "ChessBase"]
[SourceDate "2005.11.24"]
[SourceVersion "1"]
[SourceVersionDate "2005.11.24"]
[SourceQuality "1"]

1. d4 d6 2. c4 Nd7 3. Nc3 e5 4. d5 Ngf6 5. e4 Be7 6. Be3 a6 7. Bd3 Nf8 8. f3 Ng6 9. Nge2 Nh5 10. Qd2 Bd7 11. 0-0 0-0 12. b4 Bf6 13. Rac1 Nhf4 14. Nxf4 exf4 15. Bf2 Bxc3 16. Rxc3 Re8 17. c5 Qg5 18. Kh1 Ne5 19. Be2 Rac8 20. g3 Ng6 21. gxf4 Qxf4 22. Be3 Qe5 23. Bd4 Qf4 24. Be3 Qe5 25. Rg1 Bb5 26. Bd4 Qe7 27. Bd1 Bd7 28. Bc2 Rf8 29. f4 f5 30. cxd6 cxd6 31. Rxc8 Bxc8 32. e5 b5 33. e6 Bb7 34. Qg2 Qh4 35. Rf1 Qh6 36. Bd3 Nh4 37. Qg3 Bxd5+ 38. Kg1 Bxe6 39. Rc1 Bd5 40. Kf2 Nf3 41. Bb2 Nxh2 42. Rc7 Ng4+ 43. Ke1 Re8+ 44. Kd2 g6 45. Be2 Bf7 46. a4 Re3 47. Rc8+ Re8 48. Rxe8+ Bxe8 49. Bxg4 fxg4 50. Qxg4 Kf7 51. a5 Bc6 52. Bd4 Qh2+ 53. Kd3 Qh5 54. Qg3 Qf5+ 55. Kd2 Qe4 56. Bc3 Qg2+ 57. Qxg2 Bxg2 58. Ke3 Ke6 59. Kd4 Kf5 60. Ke3 Bc6 61. Bg7 h5 62. Bf8 h4 63. Kf2 Kxf4 64. Bxd6+ Kg4 65. Be5 g5 66. Kg1 Kh3 67. Bf6 g4 68. Be5 g3 69. Bd6 Kg4 70. Bc5 h3 71. Kf1 h2 72. Be3 Kf3 73. Bd4 h1Q+ 74. Bg1 Be4 75. Ke1 Qg2 76. Bd4 Qe2# 0-1